[Event "Nationale Pupillendag 2014"]
[Site "Roosendaal"]
[Date "2014.06.21"]
[Round "3.14"]
[White "Tran, Cat G02: Kimmily"]
[Black "Harchaoui, Amin"]
[Result "1-0"]
[WhiteElo "506"]
[BlackElo "539"]
[PlyCount "61"]
[EventDate "2014.??.??"]
[WhiteClock "0:06:42"]
[BlackClock "0:09:41"]

1. e4 e5 2. Nf3 Nc6 3. Bc4 Bc5 4. c3 Nf6 5. d4 exd4 6. cxd4 Bb4+ 7. Nc3 O-O 8.
O-O Bxc3 9. bxc3 Nxe4 10. Qd3 Nd6 11. Ng5 g6 12. Qh3 h5 13. Bd3 Ne8 14. Be3 d5
15. Qg3 Nd6 16. Nf3 Nf5 17. Bxf5 Bxf5 18. Bh6 Re8 19. Nh4 Qd6 20. Bf4 Qe7 21.
Nxf5 Qe6 22. Nh6+ Kg7 23. Qg5 Qd7 24. Rfe1 Rxe1+ 25. Rxe1 Re8 26. Be5+ Nxe5 27.
dxe5 c6 28. e6 Rxe6 29. Nf5+ Kf8 30. Qh6+ Ke8 31. Qh8# {Qd8} 1-0

[Event "Nationale Pupillendag 2014"]
[Site "Roosendaal"]
[Date "2014.06.21"]
[Round "3.17"]
[White "Adema, Cat G05: Wessel"]
[Black "Muntean, Felix"]
[Result "1-0"]
[WhiteElo "727"]
[BlackElo "244"]
[PlyCount "97"]
[EventDate "2014.??.??"]
[WhiteClock "0:16:19"]
[BlackClock "0:16:10"]

1. e4 e5 2. d4 exd4 3. c3 dxc3 4. Bc4 c6 5. Nxc3 d5 6. exd5 cxd5 7. Bxd5 Qe7+
8. Qe2 Qxe2+ 9. Ngxe2 Bb4 10. Bf4 Be6 11. Bxb7 Bxc3+ 12. bxc3 Nd7 13. Bxa8 f6
14. Nd4 g5 15. Bxg5 fxg5 16. Nxe6 Ke7 17. Bc6 Ngf6 18. O-O Kxe6 19. Bxd7+ Nxd7
20. Rfe1+ Kd5 21. Rad1+ Kc6 22. Re6+ Kc7 23. Red6 Ne5 24. g3 g4 25. R6d5 Nf3+
26. Kg2 Re8 27. h3 Ne5 28. Re1 gxh3+ 29. Kxh3 Kc6 30. Rdxe5 Rg8 31. Re8 Rg6 32.
R1e6+ Rxe6 33. Rxe6+ Kd5 34. Re7 Kd6 35. Rxh7 Kc5 36. Rxa7 Kc4 37. Rb7 Kxc3 38.
g4 Kd4 39. Rf7 Ke5 40. g5 Ke6 41. Rf3 Kd7 42. g6 Kc6 43. g7 Kc5 44. g8=Q Kd4
45. Qg4+ Ke5 46. Rf5+ Ke6 47. Qg6+ Ke7 48. Rf7+ Ke8 49. Qg8# 1-0

[Event "Nationale Pupillendag 2014"]
[Site "Roosendaal"]
[Date "2014.06.21"]
[Round "3.18"]
[White "Lindenaar, Cat G06: Micha"]
[Black "Honkoop, Stella"]
[Result "1-0"]
[WhiteElo "285"]
[BlackElo "658"]
[PlyCount "147"]
[EventDate "2014.??.??"]
[WhiteClock "0:14:13"]
[BlackClock "0:11:12"]

1. e4 e5 2. Nf3 Nc6 3. d4 d6 4. Bg5 Be7 5. Bxe7 Ngxe7 6. Bb5 Bd7 7. Nc3 a6 8.
Bxc6 Bxc6 9. dxe5 dxe5 10. Nxe5 Qxd1+ 11. Rxd1 O-O 12. Nxc6 Nxc6 13. O-O Nb4
14. a3 Nc6 15. Rd7 Rac8 16. Nd5 Rfe8 17. Nxc7 Rxe4 18. Rdd1 Rxc7 19. Rfe1 Rce7
20. Rxe4 Rxe4 21. Kf1 h6 22. Re1 Rh4 23. Re8+ Kh7 24. Re3 Rxh2 25. Kg1 Rh5 26.
Rh3 Rxh3 27. gxh3 Kg6 28. Kg2 Kg5 29. Kg3 f5 30. h4+ Kg6 31. f3 Kf6 32. Kf4 g5+
33. hxg5+ hxg5+ 34. Kg3 Ke5 35. c4 b5 36. cxb5 axb5 37. b3 f4+ 38. Kg4 Nd4 39.
a4 bxa4 40. bxa4 Nc6 41. Kxg5 Ke6 42. Kxf4 Kf6 43. Ke4 Ke6 44. f4 Na5 45. f5+
Kf6 46. Kf4 Nc6 47. Kg4 Na5 48. Kf4 Nc6 49. Ke4 Na5 50. Kd5 Kxf5 51. Kc5 Ke5
52. Kb5 Nb7 53. Kb6 Nd8 54. a5 Kd6 55. a6 Kd7 56. a7 Nc6 57. a8=Q Nd8 58. Qa7+
Kd6 59. Qc7+ Ke6 60. Qxd8 Ke5 61. Kc6 Ke4 62. Kc5 Ke3 63. Kc4 Ke2 64. Kc3 Ke1
65. Qd2+ Kf1 66. Kc2 Kg1 67. Kd1 Kf1 68. Qe2+ Kg1 69. Ke1 Kh1 70. Qe3 Kg2 71.
Ke2 Kh1 72. Kf2 Kh2 73. Qd3 Kh1 74. Qh3# 1-0

[Event "Nationale Pupillendag 2014"]
[Site "Roosendaal"]
[Date "2014.06.21"]
[Round "3.21"]
[White "Bertholee, Cat H01: Isabella"]
[Black "Jonkman, Amelia"]
[Result "0-1"]
[WhiteElo "372"]
[BlackElo "493"]
[PlyCount "76"]
[EventDate "2014.??.??"]
[WhiteClock "0:11:10"]
[BlackClock "0:11:19"]

1. e4 c5 2. Nf3 Nc6 3. Bc4 e6 4. Nc3 Nf6 5. d3 Be7 6. Bf4 O-O 7. O-O d6 8. e5
dxe5 9. Bxe5 Nxe5 10. Nxe5 Qd6 11. Re1 Qd4 12. Nf3 Qf4 13. Re2 Bd6 14. g3 Qxf3
15. Re3 Qc6 16. Qf3 Qxf3 17. Rxf3 Re8 18. Bb5 Re7 19. Ne4 Nxe4 20. dxe4 Bd7 21.
Bxd7 Rxd7 22. Rd1 e5 23. Rd5 Rc8 24. Rf5 Re8 25. f4 f6 26. fxe5 fxe5 27. g4
Ree7 28. h4 g6 29. Rg5 Bc7 30. Rxd7 Rxd7 31. h5 Kg7 32. hxg6 hxg6 33. c4 Rd2
34. b3 Rxa2 35. b4 cxb4 36. c5 b3 37. Kf1 b2 38. Ke1 b1=Q# 0-1

[Event "Nationale Pupillendag 2014"]
[Site "Roosendaal"]
[Date "2014.06.21"]
[Round "3.23"]
[White "Han, Cat H03: Yichen"]
[Black "Kutchoukov, Thomas"]
[Result "*"]
[WhiteElo "586"]
[BlackElo "503"]
[PlyCount "60"]
[EventDate "2014.??.??"]
[WhiteClock "0:13:46"]
[BlackClock "0:15:37"]

1. e4 e5 2. Nf3 Nc6 3. Bc4 Bc5 4. Nc3 Nf6 5. d3 h6 6. Be3 Bb6 7. Qd2 O-O 8.
O-O-O d6 9. h3 Be6 10. Nd5 Nxd5 11. exd5 Ba5 12. Qe2 Bf5 13. dxc6 bxc6 14. d4
e4 15. Nd2 d5 16. Bb3 Re8 17. g4 Bg6 18. h4 Qd6 19. g5 hxg5 20. hxg5 Rad8 21.
Rh4 Bb6 22. Rdh1 f5 23. gxf6 gxf6 24. Qg4 Kf7 25. Rg1 f5 26. Qg5 c5 27. dxc5
Bxc5 28. Bxc5 Qxc5 29. Qxg6+ Kf8 30. Rh8+ Ke7 *

[Event "Nationale Pupillendag 2014"]
[Site "Roosendaal"]
[Date "2014.06.21"]
[Round "4.1"]
[White "Bleeker, Cat F01: Kasper"]
[Black "Garceran Wang, Miguel Angel"]
[Result "0-1"]
[WhiteElo "720"]
[BlackElo "1168"]
[PlyCount "72"]
[EventDate "2014.??.??"]
[WhiteClock "0:12:09"]
[BlackClock "0:13:25"]

1. e4 d6 2. d4 Nf6 3. Nc3 e5 4. d5 c6 5. Nf3 Nbd7 6. dxc6 bxc6 7. Bc4 Be7 8.
O-O O-O 9. Be3 Ng4 10. Qd3 Nxe3 11. Qxe3 Nc5 12. b4 Be6 13. bxc5 Bxc4 14. Rfd1
Qc7 15. cxd6 Bxd6 16. Nh4 Be6 17. Qd2 Rad8 18. Ne2 Be7 19. Qe3 Bxh4 20. g3 Be7
21. Rf1 f5 22. f4 fxe4 23. Qxe4 Bc5+ 24. Kh1 Bd5 25. Nc3 Bxe4+ 26. Nxe4 Bd4 27.
Ng5 Qe7 28. Rae1 h6 29. Nf3 Bc3 30. Re3 Qc5 31. Rfe1 Bxe1 32. Rxe1 exf4 33.
gxf4 Rxf4 34. Ng1 Qd5+ 35. Nf3 Qxf3+ 36. Kg1 Rg4# 0-1

[Event "Nationale Pupillendag 2014"]
[Site "Roosendaal"]
[Date "2014.06.21"]
[Round "4.2"]
[White "Kutchoukov, Cat F02: Daniel"]
[Black "Pham, Khoi"]
[Result "1-0"]
[WhiteElo "1152"]
[BlackElo "1054"]
[PlyCount "43"]
[EventDate "2014.??.??"]
[WhiteClock "0:15:24"]
[BlackClock "0:10:41"]

1. e4 e5 2. Nf3 Nc6 3. Bb5 a6 4. Ba4 Nf6 5. O-O Bc5 6. Re1 b5 7. Bb3 O-O 8. c3
Bb7 9. d4 exd4 10. cxd4 Bb4 11. Nc3 h6 12. a3 Bxc3 13. bxc3 d6 14. h3 Re8 15.
Bc2 Qd7 16. Nh4 Na5 17. Qf3 Nc4 18. Nf5 Kh8 19. Nxh6 gxh6 20. Qxf6+ Kh7 21. e5+
Kg8 22. Bxh6 1-0

[Event "Nationale Pupillendag 2014"]
[Site "Roosendaal"]
[Date "2014.06.21"]
[Round "4.4"]
[White "Reina, Cat F04: Leon"]
[Black "De Bok, Jasper"]
[Result "1-0"]
[WhiteElo "888"]
[BlackElo "230"]
[PlyCount "24"]
[EventDate "2014.??.??"]
[WhiteClock "0:18:57"]
[BlackClock "0:18:46"]

1. e4 e5 2. Nf3 Nc6 3. Nc3 Nf6 4. Bb5 a6 5. Bxc6 bxc6 6. d4 exd4 7. Qxd4 c5 8.
Qd1 Bd6 9. e5 Ne4 10. Nxe4 Bxe5 11. Nxe5 Qe7 12. Bf4 d6 1-0

[Event "Nationale Pupillendag 2014"]
[Site "Roosendaal"]
[Date "2014.06.21"]
[Round "4.5"]
[White "Van Cleef, Cat F05: Matteo"]
[Black "Raulji, Kavya"]
[Result "1-0"]
[WhiteElo "862"]
[BlackElo "590"]
[PlyCount "145"]
[EventDate "2014.??.??"]
[WhiteClock "0:10:05"]
[BlackClock "0:02:48"]

1. e4 e5 2. Nf3 Nc6 3. Bc4 Bc5 4. b4 Bxb4 5. c3 Bc5 6. d4 exd4 7. O-O dxc3 8.
Bxf7+ Kxf7 9. Qd5+ Ke8 10. Qxc5 d6 11. Qxc3 Nf6 12. Bb2 Bg4 13. Nbd2 Qe7 14.
Rab1 Nh5 15. h3 Be6 16. Rfe1 Nf4 17. Ba3 Rb8 18. e5 Qf7 19. exd6 Qg6 20. g3
Nxh3+ 21. Kh2 cxd6 22. Bxd6 Rc8 23. Nh4 Qf7 24. Qe3 Qxf2+ 25. Qxf2 Nxf2 26.
Rxe6+ Kd7 27. Rbe1 Ng4+ 28. Kg2 Rhf8 29. Bxf8 Rxf8 30. R6e2 g5 31. Nhf3 h6 32.
Kh3 Nf6 33. Ne5+ Nxe5 34. Rxe5 Kc7 35. Rf1 Nd7 36. Rxf8 Nxf8 37. Re8 Nd7 38.
Re7 h5 39. Ne4 g4+ 40. Kh4 Kc6 41. Kxh5 Nb6 42. Kxg4 a5 43. Kf5 Kd5 44. g4 Nc4
45. g5 Ne3+ 46. Kf4 Ng2+ 47. Kg3 Ne3 48. Kf3 Nf5 49. Kf4 Nxe7 50. Nf6+ Ke6 51.
Kg4 Kf7 52. Kh5 Ng6 53. a4 Nf4+ 54. Kh6 Ng6 55. Nd7 Ke7 56. Nc5 b6 57. Nb3 Kf7
58. Nd2 Nh8 59. Nc4 Kg8 60. Nxb6 Nf7+ 61. Kh5 Kg7 62. Nc4 Nh8 63. Nxa5 Nf7 64.
Nc6 Nd6 65. a5 Nb5 66. a6 Nc7 67. a7 Kh7 68. g6+ Kg7 69. Kg5 Kg8 70. Kh6 Kh8
71. g7+ Kg8 72. Kg6 Ne8 73. Ne7# 1-0

[Event "Nationale Pupillendag 2014"]
[Site "Roosendaal"]
[Date "2014.06.21"]
[Round "4.6"]
[White "Schouwenaars, Cat F06: Hein"]
[Black "Pols, Lennart"]
[Result "0-1"]
[WhiteElo "749"]
[BlackElo "563"]
[PlyCount "151"]
[EventDate "2014.??.??"]
[WhiteClock "0:12:59"]
[BlackClock "0:13:01"]

1. e4 e5 2. Nf3 Nc6 3. Bc4 Be7 4. O-O Nf6 5. Nc3 d6 6. Ng5 O-O 7. Bb5 Bd7 8.
Bd3 Bg4 9. Be2 Bxe2 10. Nxe2 h6 11. Nf3 Nxe4 12. Nc3 Nxc3 13. dxc3 Qd7 14. b4
a5 15. b5 Na7 16. c4 Nc8 17. a4 Nb6 18. Nd2 Qe6 19. Qf3 Rab8 20. Qg3 Nxc4 21.
Nxc4 Qxc4 22. Bxh6 Bf6 23. Rfc1 Rfe8 24. Bg5 Bxg5 25. Qxg5 Qf4 26. Qh5 Re6 27.
Qe2 Rg6 28. Rf1 Qg5 29. Qf3 Qf6 30. Qh3 Rh6 31. Qg3 Rg6 32. Qd3 Qg5 33. Qf3 Qg4
34. Qxg4 Rxg4 35. Ra3 Rc4 36. Rc1 Re8 37. Rb1 Rxc2 38. Rab3 b6 39. Ra3 Re6 40.
Raa1 f6 41. h3 Kh7 42. Rc1 Rxc1+ 43. Rxc1 Re7 44. Kh2 Kg6 45. Rc3 Kf5 46. Kg3
Kg5 47. h4+ Kf5 48. Kf3 e4+ 49. Kg3 g6 50. f3 exf3 51. gxf3 c5 52. bxc6 Rc7 53.
Rc4 Ke6 54. Re4+ Kf5 55. Rc4 Ke5 56. Re4+ Kf5 57. Rc4 d5 58. Rc1 Ke5 59. Re1+
Kd6 60. Rg1 Rxc6 61. Kh3 Rc3 62. Kg2 Rc4 63. Rh1 Rxa4 64. Rb1 Ra3 65. Kg3 a4
66. Rb4 Ke5 67. Kf2 Ra1 68. Ke3 a3 69. Ra4 a2 70. Kf2 d4 71. Ke2 f5 72. Kd3 Kf4
73. Kxd4 Kxf3 74. Ke5 Re1+ {Kxf5 [%clk 0:05:00] a1=Q+ [%clk 0:13:10] Rxa1
Rxa1+ Ke5 [%clk 0:04:55] Ra4 [%clk 0:13:09]} 75. Kd5 {Rxh4 [%clk 0:13:07] Ke5 
[%clk 0:04:52] Rb4 [%clk 0:13:02] Kd5 [%clk 0:04:51]} Ke3 {Kc5 [%clk 0:04:48]}
76. Rd4 {Kc6 [%clk 0:04:46] Ke4 [%clk 0:12:58] Kc5 [%clk 0:04:45] Ke5+ [%clk 0:
12:55] Kb5 [%clk 0:04:41] Kd5 [%clk 0:12:54] Kxb6 [%clk 0:04:38] Rc4 [%clk 0:
12:53] Kb5 [%clk 0:04:37] Kd4 [%clk 0:12:49] Kb6 [%clk 0:04:36] Rc5 [%clk 0:12:
48] Kb7 [%clk 0:04:35] Kd5 [%clk 0:12:47] Kb6 [%clk 0:04:34] Kd6 [%clk 0:12:46]
Kb7 [%clk 0:04:32] Rc6 Ka7 [%clk 0:04:26] Kc7 [%clk 0:12:43]} 0-1

[Event "Nationale Pupillendag 2014"]
[Site "Roosendaal"]
[Date "2014.06.21"]
[Round "4.7"]
[White "Boghossian, Cat F07: Wahe"]
[Black "Van Foreest, Tristan"]
[Result "*"]
[WhiteElo "626"]
[BlackElo "866"]
[PlyCount "28"]
[EventDate "2014.??.??"]
[WhiteClock "0:18:25"]
[BlackClock "0:19:18"]

1. e4 e5 2. Nf3 Nc6 3. Bc4 Nf6 4. Ng5 d5 5. exd5 Na5 6. Bb5+ c6 7. dxc6 bxc6 8.
Ba4 Bc5 9. O-O O-O 10. Re1 Qb6 11. Rf1 Ng4 12. Qe1 Qb8 13. g3 Qd6 14. Qe4 Qh6 *

[Event "Nationale Pupillendag 2014"]
[Site "Roosendaal"]
[Date "2014.06.21"]
[Round "4.8"]
[White "Van den Assem, Cat F08: Jiri"]
[Black "Valstar, Boaz"]
[Result "*"]
[WhiteElo "558"]
[BlackElo "813"]
[PlyCount "21"]
[EventDate "2014.??.??"]
[WhiteClock "0:18:18"]
[BlackClock "0:19:19"]

1. e4 e5 2. Nf3 Nc6 3. Nc3 Nf6 4. Bb5 a6 5. Bxc6 dxc6 6. Nxe5 Qd4 7. Nf3 Qd8 8.
d3 Bg4 9. Bf4 Bd6 10. Bxd6 Qxd6 11. e5 *

[Event "Nationale Pupillendag 2014"]
[Site "Roosendaal"]
[Date "2014.06.21"]
[Round "4.9"]
[White "Bertholee, Cat F09: Selma"]
[Black "Kentstra, Thomas"]
[Result "0-1"]
[WhiteElo "642"]
[BlackElo "707"]
[PlyCount "90"]
[EventDate "2014.??.??"]
[WhiteClock "0:05:34"]
[BlackClock "0:07:10"]

1. e4 e5 2. Nf3 Nf6 3. Nxe5 d6 4. Nf3 Nxe4 5. Qe2 Qe7 6. d3 Nf6 7. Qxe7+ Bxe7
8. Bg5 Nc6 9. Nc3 Bf5 10. O-O-O O-O 11. Re1 h6 12. Bh4 Rfe8 13. d4 Ng4 14. d5
Nb4 15. Bxe7 Nxf2 16. Rg1 Nxc2 17. Re2 Ng4 18. h3 Nge3 19. Nd4 Rxe7 20. Nxc2
Bxc2 21. Kd2 Rae8 22. g3 Bg6 23. h4 Bh5 24. Re1 Nc4+ 25. Bxc4 a6 26. g4 Bg6 27.
h5 Bh7 28. a4 c6 29. dxc6 bxc6 30. Bxa6 d5 31. Bd3 d4 32. Na2 f6 33. Nb4 c5 34.
Nc6 Re3 35. Bxh7+ Kxh7 36. a5 c4 37. a6 Rd3+ 38. Kc2 Rc8 39. Nb4 Rb3 40. Na2
d3+ 41. Kd2 Rxb2+ 42. Kd1 Rxa2 43. Re6 Rb8 44. Kc1 c3 45. Rd1 Ra1# 0-1

[Event "Nationale Pupillendag 2014"]
[Site "Roosendaal"]
[Date "2014.06.21"]
[Round "4.10"]
[White "Piersma, Cat F10: Wisse"]
[Black "Ten Hacken, Louis"]
[Result "1-0"]
[WhiteElo "684"]
[BlackElo "549"]
[PlyCount "136"]
[EventDate "2014.??.??"]
[WhiteClock "0:03:20"]
[BlackClock "0:09:21"]

1. e4 e5 2. Nf3 d6 3. d4 Nc6 4. d5 Nce7 5. Bb5+ c6 6. Bc4 b5 7. Bb3 Nf6 8. Nc3
Bb7 9. Bg5 cxd5 10. Bxf6 gxf6 11. exd5 Bg7 12. O-O Ba6 13. h3 b4 14. Ne2 Nf5
15. Re1 O-O 16. Nc1 Re8 17. c3 bxc3 18. bxc3 Rc8 19. Bc2 Nh6 20. Bd3 Bb7 21.
Qb3 Rc5 22. Qxb7 Rxc3 23. Bb5 Re7 24. Qa6 Rc5 25. Bc6 Ra5 26. Qc4 Rc5 27. Qb4
a5 28. Qb3 Nf5 29. Nd3 Nd4 30. Nxd4 exd4 31. Nxc5 Rxe1+ 32. Rxe1 dxc5 33. Re8+
Qxe8 34. Bxe8 Bf8 35. Qb7 Kh8 36. Qxf7 Bg7 37. Qc7 Bf8 38. Qxa5 d3 39. Qc3 c4
40. Qxc4 d2 41. Qc2 Bh6 42. g3 Kg8 43. f4 Kf8 44. Qxd2 Kxe8 45. d6 Kd7 46. a4
Bf8 47. a5 Bxd6 48. a6 Kc7 49. Qa5+ Kb8 50. a7+ Ka8 51. Kf2 h6 52. Ke3 Be7 53.
Kd4 Bd6 54. Kd5 Bf8 55. Kc6 Be7 56. Kd7 Bf8 57. Qd8+ Kxa7 58. Qxf8 h5 59. Qxf6
h4 60. gxh4 Ka8 61. h5 Kb8 62. h6 Kb7 63. h7 Ka7 64. h8=R Kb7 65. Qe7 Kb6 66.
Rh6+ Kb5 67. Qe5+ Kc4 68. Rh4 Kd3 1-0

[Event "Nationale Pupillendag 2014"]
[Site "Roosendaal"]
[Date "2014.06.21"]
[Round "4.13"]
[White "Rutten, Cat G01: Alexander"]
[Black "Bruggink, Lyne"]
[Result "0-1"]
[WhiteElo "434"]
[BlackElo "531"]
[PlyCount "42"]
[EventDate "2014.??.??"]
[WhiteClock "0:18:18"]
[BlackClock "0:15:32"]

1. e4 e5 2. Nf3 Nc6 3. Nc3 Bc5 4. Nxe5 Nxe5 5. d4 Nc6 6. dxc5 Nf6 7. Bd3 d6 8.
cxd6 Qxd6 9. Be3 Bg4 10. f3 Bh5 11. Qd2 O-O 12. O-O Ne8 13. Bf4 Qg6 14. Bg3 Rd8
15. Qe2 Nd4 16. Qe3 Nxc2 17. Bxc2 Nd6 18. Rac1 Nc4 19. Qxa7 Rd2 20. Bb3 Ne5 21.
Bxe5 Qxg2# 0-1

[Event "Nationale Pupillendag 2014"]
[Site "Roosendaal"]
[Date "2014.06.21"]
[Round "4.14"]
[White "Molanus, Cat G02: Florian"]
[Black "Tran, Kimmily"]
[Result "0-1"]
[WhiteElo "530"]
[BlackElo "506"]
[PlyCount "66"]
[EventDate "2014.??.??"]
[WhiteClock "0:13:59"]
[BlackClock "0:11:31"]

1. e4 e5 2. Nf3 Nc6 3. Nc3 Nf6 4. Bc4 Bc5 5. O-O O-O 6. d3 h6 7. Qe2 d6 8. h3
Be6 9. Bxe6 fxe6 10. Be3 Nd4 11. Nxd4 exd4 12. Bxd4 Bxd4 13. Nb5 Bc5 14. e5 Nd5
15. exd6 cxd6 16. Qxe6+ Rf7 17. Qxd5 a6 18. Nc3 Qe7 19. Qb3 Rb8 20. Rae1 Qf6
21. Ne4 Qd8 22. Nxc5 dxc5 23. Re3 b5 24. Qe6 Qd7 25. Qxa6 Rf6 26. Qa5 Qb7 27.
c4 Rg6 28. g3 Qd7 29. cxb5 Qxh3 30. b6 Rg5 31. Qa7 Rf8 32. b7 Rh5 33. b8=Q Qh1#
0-1

[Event "Nationale Pupillendag 2014"]
[Site "Roosendaal"]
[Date "2014.06.21"]
[Round "4.15"]
[White "Salomons, Cat G03: Matthijs"]
[Black "Tjong tjin Joe, Wesley"]
[Result "0-1"]
[WhiteElo "522"]
[BlackElo "735"]
[PlyCount "94"]
[EventDate "2014.??.??"]
[WhiteClock "0:09:03"]
[BlackClock "0:07:25"]

1. e4 e5 2. Bc4 Nc6 3. Nf3 Bc5 4. Nc3 Nf6 5. Ng5 O-O 6. Nxf7 Rxf7 7. Bxf7+ Kxf7
8. d3 Kg8 9. O-O d6 10. Bg5 Bg4 11. Bxf6 Qxf6 12. Qxg4 Nd4 13. Nd5 Qf7 14. b4
Bb6 15. c3 Ne6 16. Nxb6 axb6 17. d4 exd4 18. cxd4 Nxd4 19. Rad1 Nc2 20. Rd5
Nxb4 21. Rf5 Qxa2 22. h3 Nd3 23. Rg5 Qf7 24. f3 Ne5 25. Qg3 h6 26. Rf5 Qe6 27.
f4 Nf7 28. Qg4 Qxe4 29. Qg6 Rf8 30. Rf3 c5 31. Rg3 Qd4+ 32. Kh2 Kh8 33. Re5 Rg8
34. Qxg7+ Rxg7 35. Re8+ Kh7 36. Rg4 Rxg4 37. hxg4 Qxf4+ 38. g3 Qf2+ 39. Kh1 c4
40. Rc8 Qe1+ 41. Kg2 c3 42. Rc7 Kg7 43. g5 Qd2+ 44. Kh3 hxg5 45. Rxb7 c2 46.
Rxb6 c1=Q 47. g4 Qcc3# 0-1

[Event "Nationale Pupillendag 2014"]
[Site "Roosendaal"]
[Date "2014.06.21"]
[Round "4.17"]
[White "Geelhoed, Cat G05: Merel"]
[Black "Lindenaar, Micha"]
[Result "1-0"]
[WhiteElo "379"]
[BlackElo "285"]
[PlyCount "113"]
[EventDate "2014.??.??"]
[WhiteClock "0:15:44"]
[BlackClock "0:16:39"]

1. e4 e5 2. Nf3 Nc6 3. Nc3 Nf6 4. Bc4 Bc5 5. Ng5 b5 6. Bb3 O-O 7. Nxf7 Rxf7 8.
Bxf7+ Kh8 9. Bb3 Qf8 10. O-O Nxe4 11. Nxe4 d5 12. Ng5 Qf5 13. d3 Qg6 14. Bxd5
Be7 15. Ne6 Bxe6 16. Bxe6 Qxe6 17. h3 Bh4 18. b3 Rf8 19. Qe1 Rxf2 20. Rxf2
Bxf2+ 21. Qxf2 Qf6 22. Qxf6 gxf6 23. Be3 f5 24. Bf2 Nb4 25. c3 Nc2 26. Rc1 Na3
27. c4 bxc4 28. dxc4 e4 29. Bxa7 f4 30. Rf1 f3 31. gxf3 exf3 32. Rxf3 Nc2 33.
Rf8+ Kg7 34. Rc8 Ne3 35. Rxc7+ Kf6 36. Rxh7 Nf5 37. Bc5 Kg6 38. Ra7 Nh6 39. a4
Ng8 40. a5 Nf6 41. a6 Ne8 42. Rb7 Nd6 43. Bxd6 Kf6 44. a7 Ke6 45. a8=Q Kxd6 46.
Qa6+ Ke5 47. Rb4 Kf4 48. c5+ Kg3 49. Qg6+ Kf3 50. Rb8 Ke3 51. Re8+ Kd4 52. Qd6+
Kc3 53. Re3+ Kb2 54. Qd2+ Ka3 55. Qa5+ Kb2 56. Re2+ Kb1 57. Qa2+ 1-0

[Event "Nationale Pupillendag 2014"]
[Site "Roosendaal"]
[Date "2014.06.21"]
[Round "4.18"]
[White "Muntean, Cat G06: Felix"]
[Black "Van Thienen, Puck"]
[Result "0-1"]
[WhiteElo "244"]
[BlackElo "376"]
[PlyCount "44"]
[EventDate "2014.??.??"]
[WhiteClock "0:17:51"]
[BlackClock "0:18:19"]

1. e4 e5 2. Bc4 Nc6 3. Nf3 Nf6 4. d3 d6 5. Ng5 Be6 6. Bxe6 fxe6 7. Nxe6 Qe7 8.
Nxf8 Qxf8 9. c3 d5 10. exd5 Nxd5 11. d4 Qf6 12. O-O Qh4 13. dxe5 Rd8 14. c4 Nf4
15. Qc2 Qg4 16. Bxf4 Qxf4 17. e6 Rd6 18. Re1 Qf6 19. Qe2 Nd4 20. Qd3 Rxe6 21.
Rxe6+ Qxe6 22. Qxd4 Qe1# 0-1

[Event "Nationale Pupillendag 2014"]
[Site "Roosendaal"]
[Date "2014.06.21"]
[Round "4.19"]
[White "Mang, Cat G07: Dalya"]
[Black "Zubair, Muhammad Saad"]
[Result "1-0"]
[WhiteElo "311"]
[BlackElo "616"]
[PlyCount "26"]
[EventDate "2014.??.??"]
[WhiteClock "0:18:12"]
[BlackClock "0:19:24"]

1. e4 e5 2. Nf3 Nc6 3. Nc3 Nf6 4. Bc4 Na5 5. d3 Nxc4 6. dxc4 Bc5 7. Nxe5 d6 8.
Nf3 Ng4 9. O-O Bxf2+ 10. Rxf2 Nxf2 11. Kxf2 Bg4 12. Bf4 Bxf3 13. Qxf3 Qf6 1-0

[Event "Nationale Pupillendag 2014"]
[Site "Roosendaal"]
[Date "2014.06.21"]
[Round "4.21"]
[White "Jonkman, Cat H01: Amelia"]
[Black "Bello, Ingo"]
[Result "0-1"]
[WhiteElo "493"]
[BlackElo "466"]
[PlyCount "109"]
[EventDate "2014.??.??"]
[WhiteClock "0:04:56"]
[BlackClock "0:03:35"]

1. d4 d5 2. Nf3 Nf6 3. e3 g6 4. Nc3 Bg7 5. Be2 O-O 6. O-O Nc6 7. Ne5 Bf5 8. Bd2
Nxe5 9. dxe5 Nd7 10. Nxd5 Nxe5 11. Bb4 Re8 12. Ba5 b6 13. Bc3 e6 14. Nf4 Qxd1
15. Raxd1 Bxc2 16. Rd2 Ba4 17. b3 Bc6 18. Bxe5 Bxe5 19. Rc1 Bb7 20. Rd7 Rad8
21. Rxd8 Rxd8 22. Nd3 Bd6 23. f3 Ba6 24. e4 Bc5+ 25. Nxc5 Bxe2 26. Nb7 Rd1+ 27.
Rxd1 Bxd1 28. Nd8 c5 29. Nc6 a6 30. Kf2 b5 31. Ke3 Kg7 32. e5 Bc2 33. Kd2 Bb1
34. a4 c4 35. bxc4 bxa4 36. Nb4 a3 37. Nc2 Kf8 38. Nxa3 Bf5 39. c5 Ke8 40. Kc3
Kd7 41. Kb4 Kc6 42. Kc4 a5 43. g4 Bxg4 44. fxg4 Kb7 45. Kb5 a4 46. c6+ Kc7 47.
Kc5 g5 48. Kb5 h6 49. Nc4 Kd8 50. Kb6 f5 51. c7+ Kc8 52. Nd6+ Kd7 53. c8=Q+ Ke7
54. Qc7+ Kf8 55. Qf7# 0-1

[Event "Nationale Pupillendag 2014"]
[Site "Roosendaal"]
[Date "2014.06.21"]
[Round "4.22"]
[White "Van Foreest, Cat H02: Machteld"]
[Black "Han, Yichen"]
[Result "0-1"]
[WhiteElo "874"]
[BlackElo "586"]
[PlyCount "80"]
[EventDate "2014.??.??"]
[WhiteClock "0:05:32"]
[BlackClock "0:13:32"]

1. e4 e5 2. Nf3 Nc6 3. Bc4 Nf6 4. Ng5 d5 5. exd5 Na5 6. Bb5+ c6 7. dxc6 bxc6 8.
Be2 h6 9. Nf3 e4 10. Ng1 Bc5 11. Nc3 O-O 12. d3 Qb6 13. d4 Bxd4 14. Na4 Bxf2+
15. Kf1 Qd4 16. Qxd4 Bxd4 17. Bd2 Nb7 18. Rd1 c5 19. c3 Be5 20. Be3 Be6 21.
Nxc5 Nxc5 22. Bxc5 Rfd8 23. Rxd8+ Rxd8 24. Bxa7 Bxa2 25. Be3 Rb8 26. Bc1 Nd5
27. c4 Nf6 28. Nh3 Bxb2 29. Bxb2 Rxb2 30. Kf2 Bxc4 31. Re1 Ng4+ 32. Kf1 Nxh2+
33. Kf2 Ng4+ 34. Kf1 Bxe2+ 35. Rxe2 Rb1+ 36. Re1 Rxe1+ 37. Kxe1 f5 38. Ke2 Kf7
39. Nf4 Kf6 40. g3 g6 0-1

[Event "Nationale Pupillendag 2014"]
[Site "Roosendaal"]
[Date "2014.06.21"]
[Round "5.1"]
[White "Garceran Wang, Cat F01: Miguel Ang"]
[Black "Kutchoukov, Daniel"]
[Result "0-1"]
[WhiteElo "1168"]
[BlackElo "1152"]
[PlyCount "82"]
[EventDate "2014.??.??"]
[WhiteClock "0:03:40"]
[BlackClock "0:06:56"]

1. d4 Nf6 2. Nc3 d5 3. Bg5 c5 4. e3 Nc6 5. Bb5 cxd4 6. exd4 a6 7. Bxc6+ bxc6 8.
Nge2 Bg4 9. f3 Bh5 10. O-O e6 11. Nf4 Bg6 12. Re1 Bd6 13. Nd3 h6 14. Bh4 Qc7
15. h3 Nh5 16. Ne5 Bh7 17. Qd2 f6 18. Ng4 Kd7 19. Qe2 Nf4 20. Qd2 Rhe8 21. Rad1
Kc8 22. a4 Rb8 23. Rb1 h5 24. Ne3 g5 25. Bf2 f5 26. Ne2 Nxe2+ 27. Rxe2 f4 28.
Nd1 Kd7 29. Qc1 Rg8 30. Ra1 g4 31. fxg4 hxg4 32. h4 f3 33. Re1 g3 34. Qh6 gxf2+
35. Kxf2 Rxg2+ 36. Kxf3 Rg3+ 37. Kf2 Rf8+ 38. Ke2 Rg2+ 39. Nf2 Rgxf2+ 40. Kd1
Bxc2+ 41. Kc1 Bf4+ 0-1

[Event "Nationale Pupillendag 2014"]
[Site "Roosendaal"]
[Date "2014.06.21"]
[Round "5.2"]
[White "Pols, Cat F02: Lennart"]
[Black "Van Steenoven, Luuk"]
[Result "0-1"]
[WhiteElo "563"]
[BlackElo "1037"]
[PlyCount "128"]
[EventDate "2014.??.??"]

1. e4 d5 2. exd5 Nf6 3. Nc3 Nxd5 4. Nxd5 Qxd5 5. Nf3 Bg4 6. Be2 Nc6 7. O-O e5
8. d3 O-O-O 9. Bg5 f6 10. Be3 Bd6 11. Nd2 Bxe2 12. Qxe2 Nd4 13. Bxd4 Qxd4 14.
Qe3 Qxb2 15. Qxa7 Qxc2 16. Qa8+ Kd7 17. Qxb7 Qxd2 18. Qb5+ Ke7 19. Qc4 Qb4 20.
Qc2 Rhe8 21. Qe2 Kf8 22. Qh5 Kg8 23. Rab1 Qf4 24. g3 Qg5 25. Qf3 Re7 26. Qd5+
Kh8 27. h4 Qg4 28. Rb7 e4 29. dxe4 Qxe4 30. Qb5 Qe5 31. Qb3 g5 32. hxg5 fxg5
33. Rb5 Qg7 34. Qd5 Re5 35. Qb3 Rxb5 36. Qxb5 Qe5 37. Qxe5+ Bxe5 38. Re1 Bd6
39. Rd1 Ra8 40. Rd2 Kg7 41. Kf1 Bb4 42. Rb2 c5 43. Ke2 Kf6 44. Kd3 Ra4 45. Rc2
Ra6 46. Kc4 Ke6 47. Kb5 Ra8 48. Kc4 h5 49. Kb3 Ra3+ 50. Kb2 h4 51. Re2+ Kf5 52.
gxh4 gxh4 53. Re3 Rxe3 54. fxe3 h3 55. a4 h2 56. a5 Bxa5 57. Kb3 h1=Q 58. Kc4
Bb4 59. e4+ Qxe4+ 60. Kb5 c4 61. Kxb4 c3+ 62. Kb3 c2 63. Ka2 Qb4 64. Ka1 Qb1#
0-1